| 000 | 00431aam a2200193 4500 | ||
|---|---|---|---|
| 005 | 20161116175250.0 | ||
| 008 | 150327b xxu||||| |||| 00| 0 spa d | ||
| 041 | _aspa | ||
| 082 | _a004.1 G739s | ||
| 100 |
_aGraham, Ian _99038 |
||
| 245 | _aEl ordenador | ||
| 260 | _aEspaña | ||
| 260 | _bMarcombo | ||
| 260 | _c1984 | ||
| 300 | _a37 páginas | ||
| 650 |
_aCOMPUTADORES _91607 |
||
| 650 |
_aINFORMATICA _9945 |
||
| 942 | _cBK | ||
| 999 |
_c4190 _d4190 |
||